[Event "Titled Tuesday intern op 16th Apr Early"]
[Site "Chess.com INT"]
[Date "2024.04.16"]
[Round "4"]
[White "Bobomurodova, Maftuna"]
[Black "Carrillo Marval, Maria Angelica"]
[Result "1-0"]
[WhiteElo "2008"]
[BlackElo "1794"]
[PlyCount "93"]
[EventDate "2024.04.16"]
[EventType "swiss (blitz)"]
[EventRounds "11"]
[EventCountry "USA"]
[SourceTitle "CB17_2024"]
[SourceDate "2024.04.24"]
[SourceVersion "1"]
[SourceVersionDate "2024.04.24"]
[SourceQuality "1"]

1. e4 c5 2. Nf3 d6 3. d4 cxd4 4. Nxd4 Nf6 5. Nc3 g6 6. Be2 Bg7 7. 0-0 0-0 8. Be3 Nc6 9. Nb3 Be6 10. f3 Rc8 11. Nd5 b6 12. c3 Ne5 13. Bf2 Nc4 14. Rb1 Nd7 15. Nd4 Nce5 16. f4 Bxd5 17. exd5 Nc4 18. Nc6 Nxb2 19. Rxb2 Qe8 20. Bd4 Nf6 21. Bf3 Qd7 22. Re1 Rfe8 23. Rbe2 e5 24. fxe5 dxe5 25. Bxe5 Qf5 26. Nd4 Qd7 27. c4 a6 28. Bxf6 Bxf6 29. Rxe8+ Rxe8 30. Rxe8+ Qxe8 31. Qe2 Bxd4+ 32. Kf1 Qxe2+ 33. Kxe2 Bc5 34. Bg4 Kf8 35. Bc8 a5 36. Kd3 Ke7 37. Kc2 Kd6 38. Kb3 Ke5 39. Ka4 Kd4 40. Kb5 h6 41. Ba6 Ke5 42. Kc6 f5 43. Bc8 g5 44. Bd7 g4 45. g3 f4 46. Bxg4 fxg3 47. hxg3 1-0

[Event "Titled Tuesday intern op 16th Apr Early"]
[Site "Chess.com INT"]
[Date "2024.04.16"]
[Round "7"]
[White "Mena, Martin"]
[Black "Bobomurodova, Maftuna"]
[Result "0-1"]
[WhiteElo "1971"]
[BlackElo "2008"]
[PlyCount "116"]
[EventDate "2024.04.16"]
[EventType "swiss (blitz)"]
[EventRounds "11"]
[EventCountry "USA"]
[SourceTitle "CB17_2024"]
[SourceDate "2024.04.24"]
[SourceVersion "1"]
[SourceVersionDate "2024.04.24"]
[SourceQuality "1"]

1. c4 Nf6 2. g3 e6 3. Bg2 c6 4. Nf3 d5 5. 0-0 Be7 6. d4 0-0 7. b3 b6 8. Qc2 Bb7 9. Nc3 Nbd7 10. Rd1 Rc8 11. e4 dxe4 12. Nxe4 Nxe4 13. Qxe4 Nf6 14. Qc2 Qc7 15. Bf4 Bd6 16. Be5 Nd7 17. Ng5 g6 18. f4 Nxe5 19. dxe5 Be7 20. Ne4 Rfd8 21. Qe2 c5 22. Nd6 Bxd6 23. exd6 Qd7 24. Rd3 Bxg2 25. Qxg2 Qc6 26. Qxc6 Rxc6 27. Rad1 Kf8 28. Kf2 Ke8 29. Ke3 Kd7 30. Ke4 f6 31. g4 Re8 32. h4 e5 33. f5 Rg8 34. R3d2 a6 35. a4 Rb8 36. h5 gxh5 37. Rh1 Rxd6 38. Rxd6+ Kxd6 39. Rxh5 Rb7 40. Rh6 Rf7 41. g5 Ke7 42. g6 hxg6 43. fxg6 Rg7 44. Rh7 Kf8 45. Kf5 Rxh7 46. gxh7 Kg7 47. a5 bxa5 48. h8Q+ Kxh8 49. Kxf6 e4 50. Ke5 e3 51. Kd5 e2 52. Kxc5 e1Q 53. Kb6 Qb4+ 54. Kxa6 Qxb3 55. c5 a4 56. c6 a3 57. c7 Qc4+ 58. Kb7 a2 0-1

[Event "Titled Tuesday intern op 16th Jan Early"]
[Site "Chess.com INT"]
[Date "2024.01.16"]
[Round "7"]
[White "Bobomurodova, Maftuna"]
[Black "Krishnan, Ritvik"]
[Result "1-0"]
[WhiteElo "2045"]
[BlackElo "2277"]
[PlyCount "85"]
[EventDate "2024.01.16"]
[EventType "swiss (blitz)"]
[EventRounds "11"]
[EventCountry "USA"]
[SourceTitle "CB04_2024"]
[SourceDate "2023.10.16"]
[SourceVersion "1"]
[SourceVersionDate "2023.10.16"]
[SourceQuality "1"]

1. e4 Nc6 2. d4 e5 3. d5 Nce7 4. c4 Ng6 5. Nc3 Bc5 6. g3 a5 7. Bg2 h5 8. Nge2 h4 9. h3 hxg3 10. fxg3 d6 11. Qd3 Nf6 12. Be3 Bxe3 13. Qxe3 Nh7 14. h4 Bg4 15. 0-0-0 Qe7 16. Rdf1 Nf6 17. Qg5 Rh5 18. Qe3 Bd7 19. Bf3 Rh6 20. h5 Nf8 21. Qg5 Rh7 22. g4 0-0-0 23. Qh4 Ng8 24. Qf2 Qg5+ 25. Kb1 b6 26. Rhg1 Nf6 27. Qg2 g6 28. hxg6 Nxg6 29. Qf2 Rdh8 30. a3 Rh2 31. Qe1 Qe3 32. g5 Ng8 33. Bg4 Bxg4 34. Rxg4 Qd3+ 35. Ka1 R8h7 36. Qg3 Qxc4 37. Qf3 N8e7 38. Rgg1 R2h3 39. Qg4+ Kb7 40. Qd7 Re3 41. Rc1 Ka6 42. Na4 Qxe2 43. Rxc7 1-0

[Event "Titled Tuesday intern op 16th Jan Early"]
[Site "Chess.com INT"]
[Date "2024.01.16"]
[Round "8"]
[White "Bobomurodova, Maftuna"]
[Black "Manukian, Artak"]
[Result "0-1"]
[WhiteElo "2045"]
[BlackElo "2196"]
[PlyCount "84"]
[EventDate "2024.01.16"]
[EventType "swiss (blitz)"]
[EventRounds "11"]
[EventCountry "USA"]
[SourceTitle "CB04_2024"]
[SourceDate "2023.10.16"]
[SourceVersion "1"]
[SourceVersionDate "2023.10.16"]
[SourceQuality "1"]

1. e4 c6 2. d4 d5 3. Nd2 dxe4 4. Nxe4 Nf6 5. Nxf6+ exf6 6. c3 Bd6 7. Bd3 0-0 8. Qc2 h5 9. Ne2 Qc7 10. Be3 c5 11. dxc5 Bxc5 12. Bxc5 Qxc5 13. 0-0 Nc6 14. Rad1 Ne5 15. Bh7+ Kh8 16. Bf5 Nf3+ 17. gxf3 Bxf5 18. Qa4 g5 19. Ng3 Bg6 20. Qd4 Qxd4 21. Rxd4 Rfe8 22. Ne4 Kg7 23. Rfd1 Re5 24. Rd7 b5 25. Rb7 g4 26. Ng3 gxf3 27. h4 a6 28. Nf1 Re4 29. Rd4 Rxd4 30. cxd4 Rd8 31. Rb6 Rxd4 32. Ne3 f5 33. Kh2 f4 34. Nf1 Be4 35. Rxa6 Rd1 36. Ra3 Rxf1 37. Rb3 Rxf2+ 38. Kg1 Rg2+ 39. Kf1 Rh2 40. Rb4 Bd3+ 41. Kg1 f2+ 42. Kxh2 f1Q 0-1

[Event "Wch Blitz (Women)"]
[Site "Samarkand"]
[Date "2023.12.30"]
[Round "14"]
[White "Zhai, Mo"]
[Black "Bobomurodova, Maftuna"]
[Result "1-0"]
[WhiteElo "2339"]
[BlackElo "1950"]
[PlyCount "104"]
[EventDate "2023.12.29"]
[EventType "swiss (blitz)"]
[EventRounds "17"]
[EventCountry "UZB"]
[SourceTitle "CB01_2024"]
[SourceDate "2024.01.03"]
[SourceVersion "1"]
[SourceVersionDate "2024.01.03"]
[SourceQuality "1"]

1. d4 Nf6 2. c4 e6 3. Nf3 b6 4. g3 Bb7 5. Bg2 Bb4+ 6. Bd2 Be7 7. Nc3 0-0 8. Bf4 d6 9. 0-0 Nbd7 10. d5 e5 11. Bd2 a5 12. b3 Ne8 13. e4 g6 14. Ne1 Ng7 15. Nd3 Nc5 16. Nxc5 dxc5 17. Qe2 Bd6 18. f4 f6 19. Rae1 Qd7 20. h4 Rae8 21. f5 Bc8 22. g4 Qd8 23. Bh6 Bd7 24. Qd2 Be7 25. a4 Bd6 26. Kf2 Rf7 27. Ke2 Bf8 28. Kd1 Ree7 29. Kc2 Ne8 30. Bxf8 Rxf8 31. Kb2 Nd6 32. Bh3 Rg7 33. Rf2 g5 34. hxg5 Rxg5 35. Qd3 Nf7 36. Rd2 Rg7 37. Rh1 Qe7 38. Nd1 Qd6 39. Ne3 Ng5 40. Bg2 Be8 41. Nf1 Rd7 42. Ng3 Rg7 43. Qe3 Re7 44. Rh6 Rg7 45. Rd1 Nf7 46. Rh4 Ng5 47. Rdh1 Qe7 48. Bf1 Qd7 49. Be2 Qe7 50. Nf1 Qd7 51. Nd2 Qe7 52. Nf3 Rff7 1-0

[Event "Wch Blitz (Women)"]
[Site "Samarkand"]
[Date "2023.12.29"]
[Round "8"]
[White "Bobomurodova, Maftuna"]
[Black "Hajiyeva, Laman"]
[Result "1/2-1/2"]
[WhiteElo "1950"]
[BlackElo "2094"]
[PlyCount "176"]
[EventDate "2023.12.29"]
[EventType "swiss (blitz)"]
[EventRounds "17"]
[EventCountry "UZB"]
[SourceTitle "CB01_2024"]
[SourceDate "2024.01.03"]
[SourceVersion "1"]
[SourceVersionDate "2024.01.03"]
[SourceQuality "1"]

1. e4 e5 2. Nf3 Nc6 3. Nc3 Nf6 4. d4 exd4 5. Nxd4 Bb4 6. Nxc6 bxc6 7. Bd3 0-0 8. 0-0 d5 9. Bd2 h6 10. exd5 cxd5 11. Ne2 Bxd2 12. Qxd2 c5 13. b3 Bb7 14. Qf4 Rc8 15. Ng3 Qc7 16. Qh4 c4 17. Bf5 Rcd8 18. Rad1 Rfe8 19. Qd4 Qc6 20. Rfe1 g6 21. Bh3 Ne4 22. Bg4 cxb3 23. cxb3 h5 24. Bf3 Nxg3 25. hxg3 Rxe1+ 26. Rxe1 Qa6 27. Re7 Ba8 28. Qf4 Rf8 29. Qg5 Qxa2 30. Bxh5 Qb1+ 31. Kh2 d4 32. Rd7 Qe4 33. Bf3 Qd3 34. Bxa8 Rxa8 35. Qf6 Rf8 36. Rxd4 Qf5 37. Qxf5 gxf5 38. Ra4 Rb8 39. b4 Kg7 40. Kg1 Kg6 41. f3 Rb7 42. Kf2 Re7 43. Ra6+ f6 44. Rd6 Rb7 45. Rd4 Rc7 46. g4 Rc2+ 47. Kg3 Rb2 48. gxf5+ Kxf5 49. Rc4 Kg6 50. Kh3 Kg5 51. g4 Rb3 52. Kg3 Kg6 53. Kf4 Rb1 54. Ke4 Rb3 55. f4 Ra3 56. Kd5 Rd3+ 57. Kc6 Rg3 58. f5+ Kg5 59. Kb7 Ra3 60. b5 Rb3 61. Kc6 Ra3 62. Kd6 Rb3 63. Kc5 Ra3 64. Rb4 Rc3+ 65. Kd6 Rc1 66. Ke7 Re1+ 67. Kf7 Rg1 68. Ra4 Rb1 69. Ra5 Rb4 70. Rxa7 Rxb5 71. Ra4 Rb7+ 72. Ke6 Rb6+ 73. Kd5 Rb1 74. Rd4 Rg1 75. Ke6 Re1+ 76. Kf7 Rb1 77. Rd6 Rb7+ 78. Ke6 Rb4 79. Kf7 Rxg4 80. Rxf6 Rf4 81. Ke6 Re4+ 82. Kd5 Kxf6 83. Kxe4 Kf7 84. Ke5 Ke7 85. f6+ Kf7 86. Kf5 Kf8 87. Ke6 Ke8 88. f7+ Kf8 1/2-1/2

[Event "Wch Blitz (Women)"]
[Site "Samarkand"]
[Date "2023.12.29"]
[Round "6"]
[White "Bobomurodova, Maftuna"]
[Black "Priyanka, Nutakki"]
[Result "0-1"]
[WhiteElo "1950"]
[BlackElo "2267"]
[PlyCount "100"]
[EventDate "2023.12.29"]
[EventType "swiss (blitz)"]
[EventRounds "17"]
[EventCountry "UZB"]
[SourceTitle "CB01_2024"]
[SourceDate "2024.01.03"]
[SourceVersion "1"]
[SourceVersionDate "2024.01.03"]
[SourceQuality "1"]

1. e4 e6 2. d4 d5 3. Nd2 Nc6 4. c3 e5 5. Ngf3 exd4 6. cxd4 Bg4 7. Bb5 dxe4 8. Nxe4 Qd5 9. Nc3 Bb4 10. Bxc6+ Qxc6 11. Bd2 0-0-0 12. 0-0 Bxf3 13. Qxf3 Qxf3 14. gxf3 Rxd4 15. Be3 Rd7 16. Rac1 Bxc3 17. Rxc3 Nf6 18. Rc4 a6 19. Rfc1 Nd5 20. Bd4 f6 21. Bc5 Re8 22. b4 g5 23. a4 Nf4 24. Rb1 Red8 25. h4 Rd1+ 26. Rxd1 Rxd1+ 27. Kh2 Kd7 28. hxg5 fxg5 29. Be3 Ne6 30. b5 axb5 31. axb5 Rb1 32. b6 cxb6 33. Rc2 b5 34. Rd2+ Kc6 35. Rc2+ Kd5 36. Rc8 b4 37. Rb8 Kc6 38. Re8 Nc7 39. Re5 h6 40. Rf5 Nd5 41. Bd4 b3 42. Re5 Nf4 43. Rf5 Rd1 44. Bg7 Rd2 45. Kg3 Nh5+ 46. Kg4 Nxg7 47. Rf6+ Kc5 48. Rf7 b2 49. Rxb7 Rd4+ 50. Kg3 Rb4 0-1

[Event "Wch Blitz (Women)"]
[Site "Samarkand"]
[Date "2023.12.29"]
[Round "3"]
[White "Kovanova, Baira"]
[Black "Bobomurodova, Maftuna"]
[Result "1-0"]
[WhiteElo "2337"]
[BlackElo "1950"]
[PlyCount "135"]
[EventDate "2023.12.29"]
[EventType "swiss (blitz)"]
[EventRounds "17"]
[EventCountry "UZB"]
[SourceTitle "CB01_2024"]
[SourceDate "2024.01.03"]
[SourceVersion "1"]
[SourceVersionDate "2024.01.03"]
[SourceQuality "1"]

1. e4 e5 2. Nf3 Nc6 3. Bc4 Bc5 4. d3 Nf6 5. a4 a6 6. h3 d6 7. 0-0 h6 8. c3 Ba7 9. Be3 0-0 10. Nbd2 Ne7 11. Re1 Ng6 12. Nf1 Bxe3 13. fxe3 c6 14. Ba2 Be6 15. Ng3 Qd7 16. Bxe6 Qxe6 17. d4 Rad8 18. Qc2 Rfe8 19. Rad1 b5 20. axb5 axb5 21. Qf2 Qb3 22. Rd2 b4 23. Rc1 c5 24. d5 Qc4 25. Qf1 Qb3 26. Qd3 bxc3 27. Rxc3 Qb6 28. Rb3 Qa5 29. Ra3 Qb6 30. Kh2 Ra8 31. Rb3 Qa6 32. Qc2 Reb8 33. Ra3 Qb5 34. Nf5 Ne8 35. Rxa8 Rxa8 36. Qc3 Ne7 37. Nxe7+ Kf8 38. Nc6 Ra4 39. b3 Rxe4 40. Qd3 Qxd3 41. Rxd3 f5 42. Nd2 Rh4 43. g3 Rh5 44. Kg2 Nf6 45. b4 e4 46. Ra3 Nxd5 47. bxc5 dxc5 48. Nc4 Rg5 49. N4e5 Kg8 50. h4 Rh5 51. Kf2 g5 52. Ra8+ Kg7 53. Ra7+ Kg8 54. Rd7 Nf6 55. Rd6 Ne8 56. Rd8 Kf8 57. Ng6+ Kf7 58. Nce5+ Kf6 59. Rxe8 f4 60. exf4 gxf4 61. gxf4 c4 62. Ke3 c3 63. Rc8 c2 64. Rxc2 Ke6 65. Kxe4 Kf6 66. Rc6+ Kg7 67. f5 Kg8 68. f6 1-0

[Event "Wch Rapid (Women)"]
[Site "Samarkand"]
[Date "2023.12.27"]
[Round "8"]
[White "Bobomurodova, Maftuna"]
[Black "Naisanga Sheba Valentine"]
[Result "1-0"]
[WhiteElo "1950"]
[BlackElo "1303"]
[PlyCount "93"]
[EventDate "2023.12.26"]
[EventType "swiss (rapid)"]
[EventRounds "11"]
[EventCountry "UZB"]
[SourceTitle "CB01_2024"]
[SourceDate "2024.01.03"]
[SourceVersion "1"]
[SourceVersionDate "2024.01.03"]
[SourceQuality "1"]

1. e4 c5 2. Nf3 e6 3. d4 cxd4 4. Nxd4 Nc6 5. Nc3 a6 6. Be2 Qc7 7. 0-0 Nf6 8. Be3 Be7 9. a4 0-0 10. Nb3 d6 11. a5 Bd7 12. f3 Ne5 13. Bb6 Qc8 14. Qd4 Bc6 15. Qf2 Nc4 16. Bxc4 Nd7 17. Be2 Nxb6 18. axb6 Rd8 19. Rfd1 Bf6 20. Qe3 Qb8 21. Na5 Be8 22. f4 h6 23. Bf3 Be7 24. Ne2 Qc8 25. c3 Bb5 26. Nd4 Be8 27. b4 Rb8 28. c4 Bf6 29. Rac1 e5 30. Nf5 Qe6 31. Bg4 exf4 32. Qxf4 Qe5 33. Qxe5 Bxe5 34. Rd3 Bc6 35. Ne7+ Kh7 36. Nexc6 bxc6 37. Nxc6 g6 38. Nxd8 Rxd8 39. c5 h5 40. c6 hxg4 41. c7 Rf8 42. b7 g3 43. c8Q gxh2+ 44. Kh1 Rxc8 45. bxc8Q Bf4 46. Rh3+ Kg7 47. Qh8# 1-0

[Event "Titled Tuesday intern op 14th Nov Early"]
[Site "Chess.com INT"]
[Date "2023.11.14"]
[Round "7"]
[White "Bobomurodova, Maftuna"]
[Black "Espinoza Villanueva, Rodrigo"]
[Result "0-1"]
[WhiteElo "1950"]
[BlackElo "1893"]
[PlyCount "44"]
[EventDate "2023.11.14"]
[EventType "swiss (blitz)"]
[EventRounds "11"]
[EventCountry "USA"]
[SourceTitle "CB47_2023"]
[SourceDate "2023.11.22"]
[SourceVersion "1"]
[SourceVersionDate "2023.11.22"]
[SourceQuality "1"]

1. e4 c5 2. Nf3 Nc6 3. d4 cxd4 4. Nxd4 Nf6 5. Nc3 e5 6. Ndb5 d6 7. Bg5 a6 8. Na3 b5 9. Nd5 Be7 10. Bxf6 Bxf6 11. c4 Nd4 12. cxb5 Bb7 13. Bc4 axb5 14. Nxb5 Bxd5 15. exd5 Qa5+ 16. Nc3 Rc8 17. Bb3 Rxc3 18. bxc3 Qxc3+ 19. Kf1 0-0 20. g3 Bg5 21. Kg2 f5 22. Qd3 Qxd3 0-1

[Event "Titled Tuesday intern op 14th Nov Early"]
[Site "Chess.com INT"]
[Date "2023.11.14"]
[Round "1"]
[White "Bobomurodova, Maftuna"]
[Black "Kamalidenova, Meruert"]
[Result "0-1"]
[WhiteElo "1950"]
[BlackElo "2359"]
[PlyCount "76"]
[EventDate "2023.11.14"]
[EventType "swiss (blitz)"]
[EventRounds "11"]
[EventCountry "USA"]
[SourceTitle "CB47_2023"]
[SourceDate "2023.11.22"]
[SourceVersion "1"]
[SourceVersionDate "2023.11.22"]
[SourceQuality "1"]

1. e4 c5 2. Nf3 d6 3. Bb5+ Bd7 4. Bxd7+ Nxd7 5. c4 Ngf6 6. Qe2 e6 7. 0-0 Be7 8. Nc3 0-0 9. d4 cxd4 10. Nxd4 a6 11. b3 Qb6 12. Rd1 Qa5 13. Bb2 Rac8 14. f4 Rfe8 15. Qf3 Bf8 16. g4 g6 17. Kh1 Bg7 18. Nce2 d5 19. cxd5 exd5 20. e5 Ne4 21. Ng3 Ndc5 22. Nxe4 dxe4 23. Qe3 Nd3 24. Rd2 f6 25. e6 Bh6 26. Rxd3 exd3 27. Qxd3 Qd5+ 28. Kg1 Bxf4 29. Rf1 Be5 30. Qe3 Rcd8 31. Rd1 Bxd4 32. Bxd4 Qxe6 33. Qd3 Rd5 34. h3 Red8 35. Qc4 b5 36. Qc3 Qd6 37. Re1 Rxd4 38. Rf1 Rd1 0-1

[Event "Titled Tuesday intern op 14th Nov Early"]
[Site "Chess.com INT"]
[Date "2023.11.14"]
[Round "4"]
[White "Bobomurodova, Maftuna"]
[Black "Raahul, VS."]
[Result "0-1"]
[WhiteElo "1950"]
[BlackElo "2350"]
[PlyCount "134"]
[EventDate "2023.11.14"]
[EventType "swiss (blitz)"]
[EventRounds "11"]
[EventCountry "USA"]
[SourceTitle "CB47_2023"]
[SourceDate "2023.11.22"]
[SourceVersion "1"]
[SourceVersionDate "2023.11.22"]
[SourceQuality "1"]

1. e4 e5 2. Nf3 Nc6 3. Bc4 Nf6 4. d3 h6 5. c3 d6 6. Bb3 g6 7. Nbd2 Bg7 8. Nf1 0-0 9. Ng3 Kh8 10. 0-0 Nh7 11. d4 Bg4 12. d5 Ne7 13. h3 Bd7 14. Bc2 f5 15. exf5 Nxf5 16. Ne4 Nf6 17. Nh2 Nxe4 18. Bxe4 Qh4 19. Qg4 Qxg4 20. Nxg4 h5 21. Ne3 Bh6 22. Bd2 Bxe3 23. Bxe3 Nxe3 24. fxe3 Kg7 25. Rxf8 Rxf8 26. Rf1 Bf5 27. Bxf5 gxf5 28. Kf2 Kf6 29. g3 Kg5 30. c4 Rf7 31. b3 h4 32. Rg1 hxg3+ 33. Rxg3+ Kf6 34. Kf3 Rh7 35. a3 Rh4 36. Kf2 f4 37. exf4 exf4 38. Rg4 Rxh3 39. Rxf4+ Ke5 40. Rf7 Rxb3 41. Rxc7 a5 42. a4 Kd4 43. c5 Kxd5 44. cxd6 Kxd6 45. Rh7 Rb4 46. Ke3 Kc6 47. Rh6+ Kc7 48. Rh5 Kb6 49. Kd3 Rxa4 50. Rh6+ Kb5 51. Rh5+ Ka6 52. Kc3 Rb4 53. Rg5 Rb1 54. Kc2 Rb5 55. Rg6+ Rb6 56. Rg5 Rh6 57. Rg8 Rh4 58. Rg6+ Kb5 59. Rg7 b6 60. Kb3 a4+ 61. Ka2 Kb4 62. Rg3 b5 63. Kb1 a3 64. Rf3 Ka4 65. Rg3 b4 66. Rf3 Rh1+ 67. Ka2 b3+ 0-1

[Event "Titled Tuesday intern op 14th Nov Early"]
[Site "Chess.com INT"]
[Date "2023.11.14"]
[Round "9"]
[White "Buchenau, Frank"]
[Black "Bobomurodova, Maftuna"]
[Result "1-0"]
[WhiteElo "2135"]
[BlackElo "1950"]
[PlyCount "77"]
[EventDate "2023.11.14"]
[EventType "swiss (blitz)"]
[EventRounds "11"]
[EventCountry "USA"]
[SourceTitle "CB47_2023"]
[SourceDate "2023.11.22"]
[SourceVersion "1"]
[SourceVersionDate "2023.11.22"]
[SourceQuality "1"]

1. e4 e5 2. Nf3 Nc6 3. Bc4 Bc5 4. 0-0 Nf6 5. d3 d6 6. c3 0-0 7. Nbd2 a6 8. Bb3 Ba7 9. h3 Ne7 10. Re1 Ng6 11. Nf1 h6 12. Ng3 Re8 13. d4 c6 14. Be3 Qc7 15. Bc2 Be6 16. Qd2 Rad8 17. Rad1 Bc8 18. Bxh6 gxh6 19. Qxh6 Qe7 20. Bb3 Be6 21. Nf5 Qf8 22. Qg5 Bxb3 23. axb3 Nh7 24. Qg4 Kh8 25. h4 Nf4 26. g3 Qg8 27. Qxg8+ Rxg8 28. dxe5 dxe5 29. Rxd8 Rxd8 30. gxf4 exf4 31. e5 Rg8+ 32. Kf1 Bc5 33. Re4 Rd8 34. Rxf4 Rd1+ 35. Kg2 Rb1 36. b4 Bb6 37. Nd6 Rxb2 38. Nxf7+ Kg7 39. Nd4 1-0

[Event "Titled Tuesday intern op 14th Nov Early"]
[Site "Chess.com INT"]
[Date "2023.11.14"]
[Round "5"]
[White "Salvador, Louie"]
[Black "Bobomurodova, Maftuna"]
[Result "1-0"]
[WhiteElo "2143"]
[BlackElo "1950"]
[PlyCount "51"]
[EventDate "2023.11.14"]
[EventType "swiss (blitz)"]
[EventRounds "11"]
[EventCountry "USA"]
[SourceTitle "CB47_2023"]
[SourceDate "2023.11.22"]
[SourceVersion "1"]
[SourceVersionDate "2023.11.22"]
[SourceQuality "1"]

1. e4 e5 2. d4 exd4 3. Qxd4 Nc6 4. Qc4 d6 5. Nc3 Be6 6. Nd5 Nf6 7. Be3 Be7 8. f3 a6 9. 0-0-0 Qd7 10. Ne2 b5 11. Qc3 Bxd5 12. exd5 Nd8 13. g4 h6 14. h4 Nb7 15. Ng3 Kf8 16. Nf5 h5 17. Bh3 Qd8 18. Nxg7 Kxg7 19. g5 Rg8 20. Bd4 Kh8 21. Rde1 Re8 22. Re2 Kg8 23. gxf6 Bf8 24. Rg2+ Kh8 25. Qd2 Nc5 26. Qg5 1-0

[Event "Titled Tuesday intern op 14th Nov Early"]
[Site "Chess.com INT"]
[Date "2023.11.14"]
[Round "3"]
[White "Veljanoski, Andrej"]
[Black "Bobomurodova, Maftuna"]
[Result "0-1"]
[WhiteElo "2289"]
[BlackElo "1950"]
[PlyCount "106"]
[EventDate "2023.11.14"]
[EventType "swiss (blitz)"]
[EventRounds "11"]
[EventCountry "USA"]
[SourceTitle "CB47_2023"]
[SourceDate "2023.11.22"]
[SourceVersion "1"]
[SourceVersionDate "2023.11.22"]
[SourceQuality "1"]

1. Nf3 Nf6 2. b3 d5 3. Bb2 e6 4. g3 b6 5. Bg2 Bb7 6. 0-0 Be7 7. d4 0-0 8. Ne5 c5 9. c4 Nc6 10. dxc5 Nxe5 11. Bxe5 Bxc5 12. Nc3 Qe7 13. Bxf6 Qxf6 14. Qc2 Bd4 15. Rac1 Rac8 16. e3 Bxc3 17. Qxc3 Qxc3 18. Rxc3 Ba6 19. Rfc1 dxc4 20. Bf1 Rc5 21. bxc4 Rfc8 22. f4 Kf8 23. Ra3 Bxc4 24. Rxa7 Bd5 25. Rb1 Rc1 26. Rxc1 Rxc1 27. Kf2 Rc2+ 28. Ke1 Rxa2 29. Rxa2 Bxa2 30. Kd2 Ke7 31. Kc3 Bd5 32. Kd4 Bc6 33. e4 Kd6 34. e5+ Kc7 35. Kc4 Kb7 36. Kb4 Bf3 37. Bd3 h6 38. h4 Kc6 39. Bb5+ Kd5 40. Be8 f6 41. exf6 gxf6 42. Kb5 Ke4 43. Kxb6 Bg4 44. Bc6+ Ke3 45. Kc7 Kf2 46. Kd6 Kxg3 47. Ke7 Kxf4 48. Kxf6 e5 49. h5 Bxh5 50. Kg7 Kg5 51. Be4 Bg4 52. Bd3 h5 53. Be4 h4 0-1

[Event "Asian Games tt (Women)"]
[Site "Hangzhou"]
[Date "2023.10.07"]
[Round "9.12"]
[White "Bobomurodova, Maftuna"]
[Black "Nurmanova, Alua"]
[Result "0-1"]
[WhiteElo "1946"]
[BlackElo "2347"]
[PlyCount "96"]
[EventDate "2023.09.29"]
[EventType "team-tourn"]
[EventRounds "9"]
[EventCountry "CHN"]
[SourceTitle "EXT 2024"]
[Source "ChessBase"]
[SourceDate "2023.10.10"]
[SourceVersion "1"]
[SourceVersionDate "2023.10.10"]
[SourceQuality "1"]
[WhiteTeam "Uzbekistan (W)"]
[BlackTeam "Kazakhstan (W)"]
[WhiteTeamCountry "UZB"]
[BlackTeamCountry "KAZ"]

1. e4 c5 2. Nf3 d6 3. Bb5+ Bd7 4. Bxd7+ Nxd7 5. c4 Ngf6 6. Nc3 a6 7. Qe2 e6 8. b3 Be7 9. Bb2 Ne5 10. 0-0 Nxf3+ 11. Qxf3 0-0 12. Rad1 Qb6 13. Qe2 Nd7 14. f4 Qc7 15. Kh1 Bf6 16. Rf3 Rfe8 17. Rdf1 Bd4 18. Rh3 Nf8 19. Qg4 Qd7 20. Bc1 b5 21. Ne2 f5 22. Qf3 fxe4 23. Qxe4 Bf6 24. Nc3 Rad8 25. Qd3 b4 26. Ne4 Bd4 27. Ng5 h6 28. Nf3 Bf6 29. Qc2 a5 30. d3 Qf7 31. g4 Bc3 32. Qg2 d5 33. g5 h5 34. Ne5 Bxe5 35. fxe5 Qg6 36. Qe2 Nd7 37. Rg3 dxc4 38. bxc4 h4 39. Rg4 Nf8 40. Rf3 Qh5 41. Re4 Kh7 42. h3 Ng6 43. Rg4 Rf8 44. Kg2 Rf5 45. Qf2 Rdf8 46. Bf4 Nxf4+ 47. Rfxf4 Rxf4 48. Rxf4 Qxg5+ 0-1

[Event "Asian Games tt (Women)"]
[Site "Hangzhou"]
[Date "2023.10.03"]
[Round "5.16"]
[White "Bobomurodova, Maftuna"]
[Black "Liang, Liyun"]
[Result "1-0"]
[WhiteElo "1946"]
[BlackElo "1223"]
[PlyCount "95"]
[EventDate "2023.09.29"]
[EventType "team-tourn"]
[EventRounds "9"]
[EventCountry "CHN"]
[SourceTitle "EXT 2024"]
[Source "ChessBase"]
[SourceDate "2023.10.10"]
[SourceVersion "1"]
[SourceVersionDate "2023.10.10"]
[SourceQuality "1"]
[WhiteTeam "Uzbekistan (W)"]
[BlackTeam "Hong Kong (W)"]
[WhiteTeamCountry "UZB"]
[BlackTeamCountry "HKG"]

1. e4 c5 2. Nf3 d6 3. d4 cxd4 4. Nxd4 Nf6 5. Nc3 a6 6. h3 e6 7. g4 h6 8. Bg2 Nfd7 9. a4 b6 10. 0-0 Bb7 11. f4 Be7 12. Be3 Nc6 13. Qe2 Qc7 14. Rad1 Nc5 15. Qc4 Rc8 16. Nxc6 Qxc6 17. f5 e5 18. Rf2 Qd7 19. Qa2 b5 20. a5 Qc7 21. Rfd2 b4 22. Nd5 Bxd5 23. Rxd5 0-0 24. Bxc5 Qb8 25. Bb6 Rxc2 26. R5d2 Rc6 27. Qd5 Qc8 28. Qd3 Bg5 29. Be3 Bd8 30. Qd5 Be7 31. Bf1 Qc7 32. Rg2 Rc8 33. b3 Rc3 34. Bb6 Qd7 35. Bxa6 Qc6 36. Bc4 Qxd5 37. Bxd5 Bd8 38. Bxd8 Rxd8 39. Kh2 Rd7 40. a6 Ra7 41. Bc4 Re3 42. Rxd6 Rxe4 43. Rb6 Rd4 44. Rb7 Rd7 45. Rxd7 Rxd7 46. Re2 Re7 47. Bd5 Kf8 48. Bb7 1-0

[Event "Titled Tuesday intern op 07th Feb Early"]
[Site "Chess.com INT"]
[Date "2023.02.07"]
[Round "5"]
[White "Kleiman, Jake"]
[Black "Bobomurodova, Maftuna"]
[Result "1-0"]
[WhiteElo "2399"]
[BlackElo "1946"]
[PlyCount "99"]
[EventDate "2023.02.07"]
[EventType "swiss (blitz)"]
[EventRounds "11"]
[EventCountry "USA"]
[SourceTitle "EXT 2024"]
[Source "ChessBase"]
[SourceDate "2023.10.10"]
[SourceVersion "1"]
[SourceVersionDate "2023.10.10"]
[SourceQuality "1"]

1. d4 Nf6 2. Bg5 d5 3. e3 Nbd7 4. Bd3 e6 5. Nf3 c5 6. c3 h6 7. Bh4 Bd6 8. Nbd2 b6 9. e4 dxe4 10. Nxe4 Be7 11. dxc5 Nxc5 12. Bb5+ Bd7 13. Bxd7+ Qxd7 14. Nxf6+ Bxf6 15. Bxf6 gxf6 16. Qxd7+ Kxd7 17. 0-0-0+ Ke7 18. Rhe1 Rad8 19. Nd4 Kf8 20. b4 Nb7 21. Nc6 Rc8 22. Nxa7 Rxc3+ 23. Kb2 Rc4 24. Rd7 Rxb4+ 25. Kc3 Ra4 26. Rxb7 Rxa2 27. Rd1 Kg7 28. Rd2 Ra4 29. Rdd7 Rf8 30. Kb3 Rf4 31. f3 Rf5 32. Nc6 Rb5+ 33. Nb4 Kg6 34. Kc4 Rc5+ 35. Kd3 Rfc8 36. Rxf7 Rc3+ 37. Ke2 Rb3 38. Nd3 Rc2+ 39. Ke3 Rcc3 40. Rg7+ Kh5 41. Rbd7 Rc2 42. g4+ Kh4 43. Rg6 Kh3 44. Rxh6+ Kg2 45. Rxf6 Kxh2 46. Rxe6 Rg2 47. Rh6+ Kg1 48. Rdh7 Rc2 49. Rh1+ Kg2 50. R7h2+ 1-0